How to win any argument : (Record no. 546)
[ view plain ]
| 000 -LEADER | |
|---|---|
| fixed length control field | 01211nam a2200337 a 4500 |
| 003 - CONTROL NUMBER IDENTIFIER | |
| control field | AKMAL |
| 005 - DATE AND TIME OF LATEST TRANSACTION | |
| control field | 20170504110349.0 |
| 008 - FIXED-LENGTH DATA ELEMENTS--GENERAL INFORMATION | |
| fixed length control field | 170504s2005 my | e | 001 0 eng d |
| 020 ## - INTERNATIONAL STANDARD BOOK NUMBER | |
| International Standard Book Number | 9789833830596 (pbk.) |
| 040 ## - CATALOGING SOURCE | |
| Original cataloging agency | AKMAL |
| 082 04 - DEWEY DECIMAL CLASSIFICATION NUMBER | |
| Classification number | 153.6 MAY |
| 090 00 - LOCALLY ASSIGNED LC-TYPE CALL NUMBER (OCLC); LOCAL CALL NUMBER (RLIN) | |
| Classification number (OCLC) (R) ; Classification number, CALL (RLIN) (NR) | 153.6 |
| Local cutter number (OCLC) ; Book number/undivided call number, CALL (RLIN) | MAY |
| 100 1# - MAIN ENTRY--PERSONAL NAME | |
| Personal name | Mayer, Robert, |
| Dates associated with a name | 1939 July 27- |
| 9 (RLIN) | 1214 |
| 245 10 - TITLE STATEMENT | |
| Title | How to win any argument : |
| Remainder of title | without raising your voice, losing your cool, or coming to blows / |
| Statement of responsibility, etc. | Robert Mayer |
| 260 ## - PUBLICATION, DISTRIBUTION, ETC. | |
| Place of publication, distribution, etc. | Petaling Jaya : |
| Name of publisher, distributor, etc. | Advantage Quest Publications, |
| Date of publication, distribution, etc. | 2005 |
| 300 ## - PHYSICAL DESCRIPTION | |
| Extent | 223p. ; |
| Dimensions | 23cm. |
| 500 ## - GENERAL NOTE | |
| General note | Includes index |
| 650 10 - SUBJECT ADDED ENTRY--TOPICAL TERM | |
| Topical term or geographic name entry element | Interpersonal conflict |
| 9 (RLIN) | 1215 |
| 650 20 - SUBJECT ADDED ENTRY--TOPICAL TERM | |
| Topical term or geographic name entry element | Conflict (Psychology) |
| 9 (RLIN) | 1216 |
| 942 ## - ADDED ENTRY ELEMENTS (KOHA) | |
| Source of classification or shelving scheme | |
| Koha item type | Book |
| Withdrawn status | Lost status | Source of classification or shelving scheme | Damaged status | Not for loan | Collection code | Home library | Current library | Shelving location | Date acquired | Inventory number | Total Checkouts | Full call number | Barcode | Date last seen | Date last checked out | Price effective from | Koha item type |
|---|---|---|---|---|---|---|---|---|---|---|---|---|---|---|---|---|---|
| NON-FICTION | AKMAL Melaka | AKMAL Melaka | PINJAMAN | 04.05.2017 | 100584 | 5 | 153.6 MAY | 201701446 | 19.09.2019 | 27.08.2019 | 04.05.2017 | Book |
